000 00735nam a2200289Ia 4500
001 Z_4872
003 CHAP
008 220113s1992 xx 000 0 und d
010 _a167926
040 _cCHAP
082 _a633.202 C6
100 _aCoupland, Robert T
_928638
245 _aNatural grasslands : introduction and western hemisphere /
_cpor Robert T Coupland
260 _aAmsterdan :
_bElsevier Applied Science,
_c1992
300 _a469 p. ; ilus.
440 _aEcosystems of the world 8A
_9142170
500 _a
503 _a168158
650 _aPastos
_985986
650 _aPastos forrajeros
_986094
901 _a633.202 C6
902 _aA
910 _a1992
942 _c1
942 _cc1
999 _c167926
_d167926